| 000 | 00353nam a2200145Ia 4500 | ||
|---|---|---|---|
| 003 | OSt | ||
| 005 | 20240207100945.0 | ||
| 008 | 170523s9999 xx 000 0 und d | ||
| 020 | _a978-0074620977 | ||
| 040 | _ciimt university meerut | ||
| 100 | _aBUDHIRAJA- SB | ||
| 245 | 0 | _aCASES IN STRATEGIC MANAGEMENT | |
| 260 | _bTATA MC GRAW HILL | ||
| 942 |
_2ddc _c02 |
||
| 999 |
_c360 _d360 |
||